ロード中...
Balalkkaram irayum prathirodhavum/
| 第一著者: | |
|---|---|
| フォーマット: | Printed Book |
| 言語: | Malayalam |
| 出版事項: |
Kozhikode:
Progress Books,
2016.
|
| LEADER | 00519nam a22001457a 4500 | ||
|---|---|---|---|
| 008 | 160905b xxu||||| |||| 00| 0 mal d | ||
| 020 | |a 9789384638405 | ||
| 082 | |a 364.153 RAM/B | ||
| 100 | |a Ramisha,Kadavath | ||
| 245 | |a Balalkkaram irayum prathirodhavum/ |c Ramisha,Kadavath | ||
| 260 | |a Kozhikode: |b Progress Books, |c 2016. | ||
| 300 | |b 97p. | ||
| 942 | |c BK | ||
| 999 | |c 235111 |d 235111 | ||
| 952 | |0 0 |1 0 |4 0 |6 364_153000000000000_RAM_B |7 0 |9 261047 |a MAL |b MAL |c ST1 |d 2016-09-05 |e Gift |g 80.00 |l 0 |o 364.153 RAM/B |p MALG84 |r 2016-09-05 |w 2016-09-05 |y BK | ||